| 000 | 00791cam a22002653a 4500 | ||
|---|---|---|---|
| 001 | 1150 | ||
| 003 | PGUSA | ||
| 005 | 20140828082957.0 | ||
| 008 | 060211s2006||||xxu|||||s|||||000 | eng d | ||
| 040 |
_aPGUSA _beng |
||
| 042 | _adc | ||
| 050 | 4 | _aDL | |
| 100 | 1 | _aSaxo, Grammaticus | |
| 245 | 1 | 4 |
_aThe Danish History, Books I-IX _h[electronic resource] / _cGrammaticus Saxo |
| 260 |
_bProject Gutenberg, _c2006 |
||
| 506 | _aPublic domain in the USA. | ||
| 516 | _aElectronic text | ||
| 653 | _aFolklore -- Scandinavia | ||
| 653 | _aDenmark -- History -- To 1241 | ||
| 700 | 1 |
_aElton, Oliver, _d1861-1945 |
|
| 740 | 0 | _aThe Nine Books of the Danish History of Saxo Grammaticus | |
| 830 | 0 |
_aProject Gutenberg _v1150 |
|
| 856 | 4 | 0 | _uhttp://www.gutenberg.org/ebooks/1150 |
| 942 | _cEB | ||
| 999 |
_c230498 _d230498 |
||